ბათუმის შოთა რუსთაველის სახელმწიფო უნივერსიტეტის ბიბლიოთეკა

Далекое-близкое / (ბიბ.ჩანაწერი № 41502)

000 -LEADER
fixed length control field 00819nam a2200193Ia 4500
001 - CONTROL NUMBER
control field 8169
003 - CONTROL NUMBER IDENTIFIER
control field GE_BSU
005 - DATE AND TIME OF LATEST TRANSACTION
control field 20240402103440.0
008 - FIXED-LENGTH DATA ELEMENTS--GENERAL INFORMATION
fixed length control field 181216s2011||||ru |||||||||||||| || ||
020 ## - INTERNATIONAL STANDARD BOOK NUMBER
International Standard Book Number 9789941032738
040 ## - CATALOGING SOURCE
Transcribing agency GE_BSU
080 ## - UNIVERSAL DECIMAL CLASSIFICATION NUMBER
Universal Decimal Classification number 621.397 К-55
100 ## - MAIN ENTRY--PERSONAL NAME
Personal name Кобиашвили, Нели
9 (RLIN) 21674
245 ## - TITLE STATEMENT
Title Далекое-близкое /
Statement of responsibility, etc. Нелли Кобиашвили ; Редактор, автор идей печатной версии циклов и телепередач Эльза Набахтевели ; Редактор русского текста Майа Кузмина ; Дизайнер Мириан Ханишвили.
264 ## - PRODUCTION, PUBLICATION, DISTRIBUTION, MANUFACTURE, AND COPYRIGHT NOTICE
Place of production, publication, distribution, manufacture Тбилиси :
Name of producer, publisher, distributor, manufacturer Сезане,
Date of production, publication, distribution, manufacture, or copyright notice 2011.
300 ## - PHYSICAL DESCRIPTION
Extent 146с. ;
Dimensions 25 см.
653 ## - INDEX TERM--UNCONTROLLED
keyword Далекое-близкое
942 ## - ADDED ENTRY ELEMENTS (KOHA)
Koha item type წიგნი
Source of classification or shelving scheme
ეგზემპლარები
Withdrawn status Lost status Source of classification or shelving scheme Damaged status Not for loan Permanent Location Current Location Shelving location Date acquired Full call number Barcode Date last seen Copy number Price effective from Koha item type
          ბათუმის შოთა რუსთაველის სახელმწიფო უნივერსიტეტის მთავარი ბიბლიოთეკა ბათუმის შოთა რუსთაველის სახელმწიფო უნივერსიტეტის მთავარი ბიბლიოთეკა წიგნსაცავი 2018-12-17 621.397 К-55 26410 2018-12-17 26410 2018-12-17 წიგნი